000 00499nam a2200181Ia 4500
008 240925s9999 xx 000 0 und d
020 _a9971513307
082 _a530 HAL
100 _aHalliday , David ; Resnick, Robert; Walker, Jearl
245 0 _aFundamentals of Physics
250 _a6th
260 _aNew York:
_bJohn Wiley & Sons
_c,2001.
300 _axxv,758p.
_bNA
_fPhotocopy
500 _aIncludes Index
600 _aEngineering Technology
650 _aNatural Science
942 _cBK
999 _c8446
_d8446